00249 a2200121 4500001000700000020000600007040001100013100003200024240002800056245002300084362000900107440001100116177070 a  cMagnum aAndrade, Carlos Drummond de10aVo caiu na piscinalpor10aVo caiu na piscina0 a1899 1aRecord